[Event "Bad Soden op U18"]
[Site "Bad Soden"]
[Date "2019.10.05"]
[Round "7"]
[White "Murmann, Jonas"]
[Black "Hoang, Jan"]
[Result "1-0"]
[WhiteElo "1394"]
[BlackElo "1097"]
[PlyCount "43"]
[EventDate "2019.10.03"]
[EventType "swiss"]
[EventRounds "9"]
[EventCountry "GER"]
[SourceTitle "EXT 2020"]
[Source "ChessBase"]
[SourceDate "2019.10.17"]
[SourceVersion "1"]
[SourceVersionDate "2019.10.17"]
[SourceQuality "1"]

1. c4 e5 2. g3 Nc6 3. Bg2 Bc5 4. Nc3 Nf6 5. a3 a5 6. e3 d6 7. Nge2 0-0 8. 0-0 Be6 9. d4 exd4 10. exd4 Bxd4 11. Nxd4 Bxc4 12. Nxc6 bxc6 13. Re1 Ra6 14. Bg5 h6 15. Bxf6 Qxf6 16. Bf1 Bb5 17. Bxb5 cxb5 18. Nxb5 Rb6 19. Nxc7 Rxb2 20. Rf1 Rc8 21. Nd5 Qe5 22. Re1 1-0

[Event "Bad Soden op U18"]
[Site "Bad Soden"]
[Date "2019.10.05"]
[Round "5"]
[White "Papadopoulos, Ioannis1"]
[Black "Hoang, Jan"]
[Result "1-0"]
[WhiteElo "1944"]
[BlackElo "1097"]
[PlyCount "81"]
[EventDate "2019.10.03"]
[EventType "swiss"]
[EventRounds "9"]
[EventCountry "GER"]
[SourceTitle "EXT 2020"]
[Source "ChessBase"]
[SourceDate "2019.10.17"]
[SourceVersion "1"]
[SourceVersionDate "2019.10.17"]
[SourceQuality "1"]

1. e4 e5 2. Nf3 Nc6 3. Bc4 Nf6 4. d3 Bc5 5. c3 0-0 6. Bb3 h6 7. 0-0 d6 8. Nbd2 Bg4 9. h3 Bh5 10. Re1 Re8 11. Nf1 Bb6 12. Ng3 Bxf3 13. Qxf3 Qe7 14. Nf5 Qf8 15. Nxh6+ gxh6 16. Qxf6 Kh7 17. Bxf7 Ne7 18. Qf3 Red8 19. Bh5 Qg7 20. Be3 Rg8 21. Qf7 Raf8 22. Qxg7+ Rxg7 23. Bxb6 axb6 24. Rad1 Rfg8 25. g3 Rg5 26. Bf3 R5g7 27. Bg2 c5 28. d4 Rb8 29. dxc5 dxc5 30. Rd7 Nc6 31. Red1 Rxd7 32. Rxd7+ Kg8 33. f4 Kf8 34. Kf2 Kg8 35. f5 Kh8 36. g4 c4 37. h4 Rd8 38. Rxd8+ Nxd8 39. Bf1 b5 40. a4 bxa4 41. Bxc4 1-0

[Event "Bad Soden op U18"]
[Site "Bad Soden"]
[Date "2019.10.04"]
[Round "3"]
[White "Englert, Georg"]
[Black "Hoang, Jan"]
[Result "1-0"]
[WhiteElo "1249"]
[BlackElo "1097"]
[PlyCount "57"]
[EventDate "2019.10.03"]
[EventType "swiss"]
[EventRounds "9"]
[EventCountry "GER"]
[SourceTitle "EXT 2020"]
[Source "ChessBase"]
[SourceDate "2019.10.17"]
[SourceVersion "1"]
[SourceVersionDate "2019.10.17"]
[SourceQuality "1"]

1. e4 e5 2. Nf3 Nc6 3. d4 exd4 4. Nxd4 Nf6 5. Nxc6 bxc6 6. Nc3 Bb4 7. Bd3 0-0 8. 0-0 Bxc3 9. bxc3 Re8 10. Re1 h6 11. Rb1 Qe7 12. Qf3 d5 13. e5 Ng4 14. Bf4 Kh8 15. h3 Nxf2 16. Kxf2 Qc5+ 17. Qe3 Qxc3 18. Bxh6 Rxe5 19. Bxg7+ Kxg7 20. Qxe5+ Qxe5 21. Rxe5 Be6 22. Rb7 Kf6 23. Re3 d4 24. Rf3+ Kg7 25. Rxc7 Bxa2 26. Rxc6 a5 27. Bc4 Bxc4 28. Rxc4 a4 29. Ra3 1-0

[Event "Bad Soden op U18"]
[Site "Bad Soden"]
[Date "2019.10.04"]
[Round "4"]
[White "Hoang, Jan"]
[Black "Wagner, Valerian"]
[Result "1-0"]
[WhiteElo "1097"]
[BlackElo "751"]
[PlyCount "61"]
[EventDate "2019.10.03"]
[EventType "swiss"]
[EventRounds "9"]
[EventCountry "GER"]
[SourceTitle "EXT 2020"]
[Source "ChessBase"]
[SourceDate "2019.10.17"]
[SourceVersion "1"]
[SourceVersionDate "2019.10.17"]
[SourceQuality "1"]

1. c4 e5 2. Nc3 Nc6 3. g3 Bc5 4. Bg2 Nf6 5. a3 d6 6. e3 Bg4 7. f3 Bf5 8. b4 Bb6 9. Nge2 0-0 10. 0-0 Qd7 11. Bb2 a6 12. Kh1 Ba7 13. Nd5 Nxd5 14. cxd5 Ne7 15. e4 Bh3 16. d4 Bxg2+ 17. Kxg2 Bxd4 18. Nxd4 exd4 19. Qxd4 f6 20. Rac1 c5 21. bxc5 dxc5 22. Rxc5 Rac8 23. Rfc1 Rxc5 24. Rxc5 Rc8 25. Rxc8+ Qxc8 26. d6 Ng6 27. d7 Qd8 28. Qd5+ Kh8 29. Qxb7 Nf8 30. Qc8 Qxd7 31. Qxf8# 1-0